Voyages et aventures de Christophe Colomb / (Registro nro. 33297)
[ vista simple ]
| 000 -CABECERA | |
|---|---|
| campo de control de longitud fija | 00681nam a2200205 a 4500 |
| 001 - NÚMERO DE CONTROL | |
| campo de control | 000033806 |
| 005 - FECHA Y HORA DE LA ÚLTIMA TRANSACCIÓN | |
| campo de control | 20200930070532.0 |
| 008 - DATOS DE LONGITUD FIJA--INFORMACIÓN GENERAL | |
| campo de control de longitud fija | 110912s1851 fr a 000 0 fre d |
| 040 ## - FUENTE DE LA CATALOGACIÓN | |
| Centro catalogador/agencia de origen | DO-SdBNP |
| Lengua de catalogación | spa |
| Centro/agencia transcriptor | BNPHU |
| 082 ## - NÚMERO DE LA CLASIFICACIÓN DECIMAL DEWEY | |
| Número de clasificación | xxxx |
| Número de documento/Ítem | M572v |
| 049 ## - FONDOS LOCALES (OCLC) | |
| Fondos de biblioteca | BNGR |
| 100 1# - ENTRADA PRINCIPAL--NOMBRE DE PERSONA | |
| Nombre de persona | Merruau, Paul, |
| Fechas asociadas al nombre | 1783-1859 |
| 9 (RLIN) | 59228 |
| 240 10 - TÍTULO UNIFORME | |
| Título uniforme | Travels and Adventures of Christopher Columbus |
| Lenguaje de la obra | Francés |
| 245 10 - MENCIÓN DE TÍTULO | |
| Título | Voyages et aventures de Christophe Colomb / |
| Mención de responsabilidad, etc. | Washington Irving; traduit d l'anglais par Paul Merruau. |
| 250 ## - MENCIÓN DE EDICIÓN | |
| Mención de edición | 4a ed. |
| 260 ## - PUBLICACIÓN, DISTRIBUCIÓN, ETC. | |
| Lugar de publicación, distribución, etc. | [Paris] : |
| Nombre del editor, distribuidor, etc. | Libraires, |
| Fecha de publicación, distribución, etc. | 1851. |
| 300 ## - DESCRIPCIÓN FÍSICA | |
| Extensión | 235 p. : |
| Otras características físicas | il. ; |
| Dimensiones | 18 cm. |
| 500 ## - NOTA GENERAL | |
| Nota general | Título original en inglés. |
| 700 12 - PUNTO DE ACCESO ADICIONAL--NOMBRE DE PERSONA | |
| Nombre de persona | Merruau, Paul, |
| Término indicativo de función/relación | tr. |
| 9 (RLIN) | 59229 |
| Estado de retiro | Estado de pérdida | Restricciones de uso | No para préstamo | Código de colección | Localización permanente | Ubicación/localización actual | Ubicación en estantería | Fecha de adquisición | Número de inventario | Total de préstamos | Signatura topográfica completa | Código de barras | Fecha visto por última vez | Precio válido a partir de | Tipo de ítem Koha |
|---|---|---|---|---|---|---|---|---|---|---|---|---|---|---|---|
| Excluido de préstamo | Monografías: Libros y Folletos | Patrimonio Dominicano | Patrimonio Dominicano | En catalogación | 12.09.2011 | LF1 | xxxx M572v | 33806-10 | 25.06.2020 | 25.06.2020 | No se presta |
